| 000 | 00826nam a22002297a 4500 | ||
|---|---|---|---|
| 999 |
_c9863 _d9863 |
||
| 003 | AR-CdUCM | ||
| 008 | 190328b ||||| |||| 00| 0 spa d | ||
| 040 |
_aMUNICIPALIDAD PROVINCIAL DEL CUSCO _cBIBLIOTECA MUNICIPAL DEL CUSCO |
||
| 082 |
_a445 / _bV71 / 1871 |
||
| 100 |
_aVingut, Francisco J. _926363 |
||
| 245 | _aClave de el maestro de francés / | ||
| 260 |
_aNueva York : _bGeorge R. Lockwood, _c1871. |
||
| 300 |
_a180 páginas ; _c19 cm. |
||
| 500 | _aDedicatoria | ||
| 505 | _aContenido: La traducción de los ejercicios del método -- La de la conversaciones familiares -- La de los trozos selectos -- La de la correspondencia mercantil. | ||
| 650 |
_aEducación _9460 |
||
| 650 |
_aFrancés _98795 |
||
| 650 |
_aEjercicios _919599 |
||
| 700 |
_aMantilla, Luis M. _926364 |
||
| 942 |
_2ddc _cLIBROS |
||
| 945 | _aacv | ||